00600nam a22000977a 4500040000800000082002700008100003700035245038700072260002600459300001700485 cRUA aDVM KHA 2025 B707 Or.1 aKHAY RATANA, ខៃ រតនា aCase Of Fungal infection on feline at veterinary clinic in sangkat boeng keng kang 1, khan boeng keng kang, phnom penh, ករណីជំងឺផ្សិតលើស្បែកពិឡារ នៅគ្លីនិកសត្វ ក្នុងសង្កាត់បឹងកេងកង១​ ខណ្ឌបឹងកេងកង រាជធានីភ្នំពេញ aPHNOM PENHbRUAc2025 ax,39p.bill.